MLB MVP Runner-ups - Statistics

General Stats
  • This quiz has been taken 71 times
    19 since last reset
  • The average score is 84 of 168
Answer Stats
Year Player % Correct
2005, 2008, 2009 Albert Pujols
100%
2003, 2005, 2007 Alex Rodriguez
100%
1970, 1972 Billy Williams
100%
Cal Raleigh
100%
1944 Dizzy Trout
100%
1982, 1983 Eddie Murray
100%
1980 George Brett
100%
1932, 1933, 1938 Jimmie Foxx
100%
1997 Ken Griffey, Jr.
100%
1994 Matt Williams
100%
1956, 1957, 1962 Mickey Mantle
100%
2014, 2016, 2019 Mike Trout
100%
2018 Mookie Betts
100%
1999 Pedro Martinez
100%
1990 Rickey Henderson
100%
1963 Sandy Koufax
100%
2021, 2023 Shohei Ohtani
100%
1946, 1949 Ted Williams
100%
1997 Tino Martinez
100%
2014 Víctor Martínez
100%
2021 Vladimir Guerrero Jr.
100%
1954, 1965 Willie Mays
100%
1951, 1954, 1955 Yogi Berra
100%
2022 Aaron Judge
86%
2004 Adrian Beltré
86%
1995 Albert Belle
86%
2005 Andruw Jones
86%
1990, 1992, 1993, 2001, 2002, 2003, 2004 Barry Bonds
86%
1964 Brooks Robinson
86%
2023 Corey Seager
86%
1978 Dave Parker
86%
2005 David Ortiz
86%
2006 Derek Jeter
86%
1953, 1959 Eddie Mathews
86%
1980 Gary Carter
86%
2009 Hanley Ramírez
86%
1969 Harmon Killebrew
86%
Jeff Bagwell
86%
1939, 1941, 1947 Joe DiMaggio
86%
1913 Joe Jackson
86%
2020 José Ramírez
86%
2021 Juan Soto
86%
1992 Kirby Puckett
86%
1927, 1936 Lou Gehrig
86%
2022 Manny Machado
86%
2012, 2013 Miguel Cabrera
86%
2022 Paul Goldschmidt
86%
1973 Reggie Jackson
86%
2006 Ryan Howard
86%
1943, 1946, 1948 Stan Musial
86%
1979(t) Willie Stargell
86%
2019 Alex Bregman
71%
1987 Andre Dawson
71%
1911 Christy Mathewson
71%
2016 Daniel Murphy
71%
1979 Dave Winfield
71%
1946 Dixie Walker
71%
1993, 1994 Frank Thomas
71%
1986 Glenn Davis
71%
1912 Honus Wagner
71%
1982 Lonnie Smith
71%
1987 Ozzie Smith
71%
1973 Pete Rose
71%
1925, 1929 Rogers Hornsby
71%
1998 Sammy Sosa
71%
1969 Tom Seaver
71%
1925,1930 Al Simmons
57%
2024 Bobby Witt Jr.
57%
1970 Boog Powell
57%
1990, 1991 Cecil Fielder
57%
1988 Darryl Strawberry
57%
1955 Duke Snider
57%
2024 Francisco Lindor
57%
2004 Gary Sheffield
57%
2017 Giancarlo Stanton
57%
1973 Jim Palmer
57%
2010 Joey Votto
57%
1956 Keith Hernandez
57%
Kyle Schwarber
57%
1998 Mark McGwire
57%
1996, 1997 Mike Piazza
57%
2011 Ryan Braun
57%
1955, 1963 Al Kaline
43%
1938 Bill Lee
43%
1940 Bob Feller
43%
2003 Carlos Delgado
43%
1937 Charlie Gehringer
43%
2018 Christian Yelich
43%
1985 Don Mattingly
43%
1914 Eddie Collins
43%
1977 George Foster
43%
1944, 1945 Hal Newhouser
43%
2011 Jacoby Ellsbury
43%
2000 Jason Giambi
43%
2018 Javier Báez
43%
1939, 1940 Johnny Mize
43%
2006 Justin Morneau
43%
1974 Lou Brock
43%
1936, 1943 Luke Appling
43%
2007 Matt Holliday
43%
2011 Matt Kemp
43%
1952 Orlando Cepeda
43%
1993 Paul Molitor
43%
1927, 1934 Paul Waner
43%
1951, 1953, 1955 Phil Rizzuto
43%
1978 Ron Guidry
43%
1974 Steve Garvey
43%
1991 Terry Pendleton
43%
1965, 1970 Tony Oliva
43%
1987 Alan Trammell
29%
1952 Allie Reynolds
29%
1938 Bill Dickey
29%
1932 Chuck Klein
29%
1934 Dizzy Dean
29%
1911,1912 Ed Walsh
29%
1984 Kent Hrbek
29%
1959 Luis Aparicio
29%
2009 Mark Teixeira
29%
1952 Robin Roberts
29%
1914 Sam Crawford
29%
1990 Bobby Bonilla
14%
1962 Bobby Richardson
14%
1945 Eddie Mayo
14%
1942 Enos Slaughter
14%
1931 Frankie Frisch
14%
1935 Gabby Hartnett
14%
1913 Gavvy Cravath
14%
1928, 1929 Heinie Manush
14%
1972, 1974 Joe Rudi
14%
1925 Kiki Cuyler
14%
2007 Magglio Ordóñez
14%
1988 Mike Greenwell
14%
1998 Nomar Garciaparra
14%
1914 Rabbit Maranville
14%
1971 Sal Bando
14%
1943 Walker Cooper
14%
1989 Will Clark
14%
1977 Al Cowens
0%
1968 Bill Freehan
0%
1944 Bill Nicholson
0%
1950 Billy Goodman
0%
1958 Bob Turley
0%
1995 Dante Bichette
0%
1960 Dick Groat
0%
1960 Don Hoak
0%
1922 Eddie Rommel
0%
1947 Ewell Blackwell
0%
1928 Freddie Lindstrom
0%
1975, 1977 Greg Luzinski
0%
1927 Harry Heilmanni
0%
1926 Hughie Critz
0%
1933 Joe Cronin
0%
1975 John Mayberry
0%
1964 Johnny Callison
0%
1926 Johnny Mostil
0%
1948 Johnny Sain
0%
1979 Ken Singleton
0%
1954 Larry Doby
0%
1993 Lenny Dykstra
0%
1932 Lon Warneke
0%
1951 Ned Garver
0%
1941 Pete Reiser
0%
1989 Rubén Sierra
0%
1956 Sal Maglie
0%
1954 Ted Kluszewski
0%
1967 Tim McCarver
0%
1945 Tommy Holmes
0%
1935 Wes Ferrell
0%
No matching quizzes found
Score Distribution
Percent of People with Each Score
Percentile by Number Answered
Your Score History
You have not taken this quiz since the last reset